Регионална библиотека "Любен Каравелов" - Русе

Моят живот при Муун (Запис номер 30034)

MARC детайли
000 -Лидер
Контролно поле с фиксирана дължина 01252nam a2200325 c 4500
003 - Код на организацията, давaща контролен номер
Контролно поле BLK
005 - Дата и час на последна редакция
Контролно поле 20250602152043.0
008 - Елементи от данни с фиксирана дължина
fixed length control field 180407b bul|||||r ||||||| ||bul||
010 ## - Наследен системен номер
LC control number KNG00032663000
040 ## - Източник на каталожния запис
Идентификатор на билиотеката - собственик на записа BLK
041 ## - Код за език
Код за езика на текст/звукозапис или на отделно заглавие Български
Код за езика КДБФ Български
080 ## - УДК
Текстов определител УДК Американска литература (на САЩ)
УДК код - определител по УДК 821.111(73)
УДК определител -054.7(=957)-312.6
УДК - код + определител 821.111(73)-054.7(=957)-312.6
100 1# - Редна дума - Автор
Автор Хонг, Нансук
Авторска отговорност първи автор
R(LIN) 137476
139 ## - Редно поле
Редна дума Хонг, Нансук
Авторски знак Хом - Х 64
245 10 - Сведения за заглавието
Заглавие Моят живот при Муун
Редно поле (дума) Нансук Хонг; прев. от англ. Анжела Петрова.
257 ## - Страна на издаване
Страна на създаване/издаване Съединени американски щати
260 ## - Област на издателските данни
-- София
Име на издателя, разпространителя и проч. Емас
Година на издаване 2000
Печатница София : Балкан прес АД
300 ## - Физическа характеристика
Страници 283 с.
Размери/Мащаб 20 см
380 ## - Жанр
Жанр Худож. лит.
490 1# - СЕРИИ (Колекции)
Име на серия Преживяно
500 ## - Общи забележки
Забележка Ориг. загл. In the Shadow of the Moons / Nansook Hong. - Офс. изд.
653 ## - Ключова дума – ненормативна
Ключова дума романизувани биографии
700 1# - Други автори (авторска отговорност)
Лично име Петрова, Анжела
Автороска отговорност (Описва отношението между автора и произведението) прев. от англ.
9 (RLIN) 266978
852 ## - Местоположение
Форматна сигнатура Цб 205011
856 4# - Електронен адрес и достъп
Електронен формат pdf - файл
Път до файла /url/
856 4# - Електронен адрес и достъп
Електронен формат pdf - файл
Път до файла /url/
942 ## - АРТИКУЛИ
Вид на библиотечния материал Книги
Скрит в OPAC Не
Koha issues (borrowed), all copies 16
944 ## - СЪЗДАВАНЕ И РЕДАКЦИЯ на ЗАПИСА
Създаване/Редакция Създаване
Дата на регистрацията/редакция 15.01.2003
Служител, извършил регистрацията/редакцията 30575
Статус, дата на статуса Мартин Енчев
944 ## - СЪЗДАВАНЕ И РЕДАКЦИЯ на ЗАПИСА
Създаване/Редакция Редакция
Дата на регистрацията/редакция 13.02.2013
Служител, извършил регистрацията/редакцията
999 ## - СИСТЕМНИ КОНТРОЛНИ НОМЕРА
Koha biblionumber 30034
Koha biblioitemnumber 30034
Наличности
Код за отписване Код за изгубен артикул Източник на класификационната схема Код за повреда Коз за рестрикции Код за отдаване Артикулен № Име на библиотеката - собственик Име на библиотеката, в която се намира в момента Статус (Текущо местоположение) Дата на вписване в системата Местоположение - отдел Цена в лева Инвентарен номер Систематично азбучна сигнатура Баркод Номер на екземпляра Цена в евро Служебна бележка Служебен тип на артикула
  Не е изгубен Universal Decimal Classification Не е повреден без рестрикции заемане за дома 48190 Регионална библиотека "Любен Каравелов" Русе Регионална библиотека "Любен Каравелов" Русе Заемна - подръчен фонд 2001-01-01 Заемна - подръчен фонд 5.50 656106 П 820(73)-31/Х 64 120000656106 1 2.81 Дост: Pk Вид: Ф N: стар фонд Дата: 01.01.2001 Дата инв: 15.02.2018 Бележки инв: П2018 Книги
  Не е изгубен Universal Decimal Classification Не е повреден без рестрикции заемане за дома 48191 Регионална библиотека "Любен Каравелов" Русе Регионална библиотека "Любен Каравелов" Русе Заемна - подръчен фонд 2013-02-07 Заемна - подръчен фонд 10.00 120000763574 П 820(73)-31/Х 64 120000763574 2 5.11 Дост: DA Вид: А N: 1 Дата: 07.02.2013 Дата инв: 13.02.2018 Бележки инв: П2018 Книги
  Не е изгубен   Не е повреден без рестрикции заемане за дома 48192 Регионална библиотека "Любен Каравелов" Русе Регионална библиотека "Любен Каравелов" Русе Заемна - подръчен фонд 2013-02-07 Заемна - подръчен фонд 10.00 120000763575 П 820(73)-31/Х 64 120000763575 3 5.11 Дост: DA Вид: А N: 1 Дата: 07.02.2013 Дата инв: 15.02.2018 Бележки инв: П2018 Книги
Vip Innovations Ltd, Rousse, Bulgaria 2025